000 00688nam a2200217 i 4500
001 37422
003 ES-MaACL
005 20240526062936.0
007 t|
008 030221q19501959sp ||||1| spa d
100 1 _aCaba, Pedro,
_d1900-1992
_933052
245 1 3 _aLa ciencia física y el futuro del hombre europeo /
_cPedro Caba.
260 _aMadrid :
_bColenda,
_c[195-?] (
_fFareso)
300 _a604 p. ;
_c22 cm.
490 1 _aLa filosofía vuelve al hombre
650 4 _aEpistemología.
_912338
650 _aCiencia-
_xFilosofía.
_910950
830 0 _aLa filosofía vuelve al hombre
_9229639
852 _aES-MaACL
_jC-12878
_bR.40839
999 _c37422
_d37422